The Discourse of Politics in Action: (Record no. 32375)

000 -LEADER
fixed length control field 00696nam a2200169 4500
008 - FIXED-LENGTH DATA ELEMENTS--GENERAL INFORMATION
fixed length control field 260323b |||||||| |||| 00| 0 eng d
020 ## - INTERNATIONAL STANDARD BOOK NUMBER
International Standard Book Number 9780230300750
100 ## - MAIN ENTRY--PERSONAL NAME
Personal name Wodak, Ruth
245 ## - TITLE STATEMENT
Title The Discourse of Politics in Action:
Remainder of title politics as usual/
Statement of responsibility, etc. Ruth Wodak
260 ## - PUBLICATION, DISTRIBUTION, ETC. (IMPRINT)
Place of publication, distribution, etc. New York:
Name of publisher, distributor, etc. Palgrave Macmillan,
Date of publication, distribution, etc. 2007.
300 ## - PHYSICAL DESCRIPTION
Extent xvi,252p.:
Other physical details ill.;
Dimensions 21cm.
504 ## - BIBLIOGRAPHY, ETC. NOTE
Bibliography, etc Includes bibliographical references (p. 208-252) and index.
650 ## - SUBJECT ADDED ENTRY--TOPICAL TERM
Source of heading or term Political science - European union counties.
650 ## - SUBJECT ADDED ENTRY--TOPICAL TERM
Source of heading or term Communication in politics- European union counties.
650 ## - SUBJECT ADDED ENTRY--TOPICAL TERM
Source of heading or term European parliament - official and employees - case studies.
942 ## - ADDED ENTRY ELEMENTS (KOHA)
Source of classification or shelving scheme
Koha item type Hard Covered Materials
Classification part JA 84 .E9W63 2009
Holdings
Withdrawn status Lost status Source of classification or shelving scheme Damaged status Not for loan Home library Current library Shelving location Date acquired Source of acquisition Cost, normal purchase price Total Checkouts Full call number Barcode Date last seen Price effective from Koha item type
          MACHAKOS UNIVERSITY LIBRARY MACHAKOS UNIVERSITY LIBRARY Open shelf 16/10/2025 Donation by Falcon 4885.00   JA84 .E9W63 2009 40309 10/06/2026 23/03/2026 Hard Covered Materials
© Machakos University Library, Along The Highway, Machakos Wote Rd, Machakos, Kenya P.O. Box 136 - 90100 Machakos - Kenya

Tel: ( +254 ) 723 805829 OR Fax : 044-20353 OR Email: library@mksu.ac.ke